000 00821nam a22002177a 4500
999 _c64599
_d64599
005 20240530110740.0
008 180919s2006 ua g 000 0 ara d
017 _a2005/7685
_bمصر. دار الكتب
020 _a9772085224
040 _aEG-CaGPL
_cEG-CaGPL
082 0 4 _221
_a219 /
_bر م
100 0 _aرفعت سيد احمد
245 1 0 _aمن سرق المصحف ؟ :
_bرؤى عن فلسطين - العراق - حزب الله - الاسلام السياسى /
_cرفعت سيد احمد
260 _aالقاهرة :
_bمكتبة مدبولى،
_c2006.
300 _a905 ص. ؛
_c24 سم.
650 0 7 _2qrmak
_aالاسلام والاصلاح السياسى
650 0 7 _2qrmak
_aالاسلام والمجتمع
651 _2qrmak
942 _2ddc
_cBK